Geography Quiz

Random Geography or World Quiz

Figure Out the Flag Quiz Stats

 Plays Quiz Updated Jun 19, 2018

Score 0/10 Timer 02:00
15 Plays Today
Question Answer Wrong Answers
Click the flag of the USA USA
99.2%
Malaysia
0.1%
UK
0.3%
Liberia
0.3%
Click the flag of Norway Norway
83.7%
Sweden
6.3%
Iceland
8.4%
Faroes
1.4%
Click the flag of Iran Iran
83.2%
Bulgaria
1.8%
Hungary
3.6%
Tajikistan
9.8%
Click the flag of Paraguay Paraguay
77.2%
Luxembourg
7.1%
Netherlands
6.7%
Russia
5.9%
Click the flag of New Zealand New Zealand
67.8%
Australia
28.6%
Fiji
0.8%
Tuvalu
1.6%
Click the flag of Moldova Moldova
63.4%
Andorra
21%
Chad
6.7%
Romania
6.7%
Click the flag of Serbia Serbia
63.2%
Croatia
12.7%
Slovakia
15.7%
Slovenia
7.5%
Click the flag of Kyrgyzstan Kyrgyzstan
62%
Montenegro
18.4%
Morocco
9%
Vietnam
7.3%
Click the flag of El Salvador El Salvador
50.5%
Argentina
11.4%
Honduras
16.6%
Nicaragua
19.7%
Click the flag of Sudan Sudan
31.8%
Jordan
31.9%
Kuwait
10.4%
Palestine
23.2%

You're not logged in!

Compare scores with friends on all Sporcle quizzes.
OR
Log In

Sporcle TV

Today on Sporcle TV


Watch our educational content, quiz creation guides, and fun videos on Sporcle TV.

Show Comments

Extras

Top Quizzes Today


Score Distribution

Your Account Isn't Verified!

In order to create a playlist on Sporcle, you need to verify the email address you used during registration. Go to your Sporcle Settings to finish the process.

Report this User

Report this user for behavior that violates our Community Guidelines.

Details: